<?xml version="1.0" encoding="UTF-8"?>
<record
    xmlns:xsi="http://www.w3.org/2001/XMLSchema-instance"
    xsi:schemaLocation="http://www.loc.gov/MARC21/slim http://www.loc.gov/standards/marcxml/schema/MARC21slim.xsd"
    xmlns="http://www.loc.gov/MARC21/slim">

  <leader>02314nam a2200397 i 4500</leader>
  <controlfield tag="003">OSt</controlfield>
  <controlfield tag="005">20240115101653.0</controlfield>
  <controlfield tag="008">240115s2022    fr ao  f      000 0 eng d</controlfield>
  <datafield tag="020" ind1=" " ind2=" ">
    <subfield code="a">9782080287533</subfield>
    <subfield code="c">RM510.00</subfield>
    <subfield code="q">hardback</subfield>
  </datafield>
  <datafield tag="040" ind1=" " ind2=" ">
    <subfield code="a">PPAK</subfield>
    <subfield code="b">eng</subfield>
    <subfield code="c">PPAK</subfield>
    <subfield code="e">rda</subfield>
  </datafield>
  <datafield tag="041" ind1="1" ind2=" ">
    <subfield code="a">eng</subfield>
    <subfield code="h">fre</subfield>
  </datafield>
  <datafield tag="082" ind1="0" ind2="4">
    <subfield code="2">23</subfield>
    <subfield code="a">739.27092</subfield>
  </datafield>
  <datafield tag="090" ind1="0" ind2="0">
    <subfield code="a">739.27092</subfield>
    <subfield code="b">CHA</subfield>
    <subfield code="d">R</subfield>
  </datafield>
  <datafield tag="100" ind1="1" ind2=" ">
    <subfield code="a">Chaille, Fran&#xE7;ois,</subfield>
    <subfield code="e">author.</subfield>
  </datafield>
  <datafield tag="240" ind1="1" ind2="0">
    <subfield code="a">Cartier : beaut&#xE9;s du monde : haute joaillerie et objets pr&#xE9;cieux. </subfield>
    <subfield code="l">English</subfield>
  </datafield>
  <datafield tag="245" ind1="1" ind2="0">
    <subfield code="a">Cartier : Beaut&#xE9;s du Monde : </subfield>
    <subfield code="b">High Jewelry and Precious Objects /</subfield>
    <subfield code="c">Text by Fran&#xE7;ois Chaille ; Translated from the French by Robert Burns.</subfield>
  </datafield>
  <datafield tag="246" ind1="3" ind2="3">
    <subfield code="i">Translation of:</subfield>
    <subfield code="a">Cartier : beaut&#xE9;s du monde : haute joaillerie et objets pr&#xE9;cieux</subfield>
  </datafield>
  <datafield tag="250" ind1=" " ind2=" ">
    <subfield code="a">English edition.</subfield>
  </datafield>
  <datafield tag="264" ind1=" " ind2="1">
    <subfield code="a">Paris : </subfield>
    <subfield code="b">Flammarion, </subfield>
    <subfield code="c">[2022]</subfield>
  </datafield>
  <datafield tag="300" ind1=" " ind2=" ">
    <subfield code="a">255 pages :</subfield>
    <subfield code="b">colour photographs ;</subfield>
    <subfield code="c">31 cm</subfield>
  </datafield>
  <datafield tag="336" ind1=" " ind2=" ">
    <subfield code="a">text</subfield>
    <subfield code="2">rdacontent</subfield>
  </datafield>
  <datafield tag="337" ind1=" " ind2=" ">
    <subfield code="a">unmediated</subfield>
    <subfield code="2">rdamedia</subfield>
  </datafield>
  <datafield tag="338" ind1=" " ind2=" ">
    <subfield code="a">volume</subfield>
    <subfield code="2">rdacarrier</subfield>
  </datafield>
  <datafield tag="505" ind1=" " ind2=" ">
    <subfield code="t">Beaut&#xE9;s du monde--</subfield>
    <subfield code="t">A curious allure / Alberto Cavalli--</subfield>
    <subfield code="t">Traveler-collectors--</subfield>
    <subfield code="t">Noting nature--
</subfield>
    <subfield code="t">A taste for India.</subfield>
  </datafield>
  <datafield tag="520" ind1=" " ind2=" ">
    <subfield code="a">"True to the Cartier brothers' passion for the earth and its natural beauties, the newest collection of high jewelry brings the wonders of nature and cultural splendors from all four corners of the globe into dialogue. Sublimated by the interplay of stones and drawings, the inspirations give rise to highly stylized, even abstract compositions of a new genre. A coral reef entwines the length of a flamboyant necklace, an iguana skin transforms into a geometric matrix, and a Chinese puzzle box reveals a kaleidoscopic ring. Natural treasures and the fruits of human creativity meet in the purity of original compositions, revealing the unique dimensions of a multifaceted world that showcases all the richness of the nature and the Cartier universe"-- </subfield>
    <subfield code="c">Provided by publisher.</subfield>
  </datafield>
  <datafield tag="546" ind1=" " ind2=" ">
    <subfield code="a">Translated from the French
</subfield>
  </datafield>
  <datafield tag="650" ind1="1" ind2="0">
    <subfield code="a">Cartier (Firm)</subfield>
  </datafield>
  <datafield tag="650" ind1="2" ind2="0">
    <subfield code="a">Cartier (Firm) </subfield>
    <subfield code="v">Catalogs</subfield>
  </datafield>
  <datafield tag="650" ind1="2" ind2="0">
    <subfield code="a">Jewelry</subfield>
    <subfield code="z">France</subfield>
    <subfield code="v">History</subfield>
    <subfield code="y">21st century</subfield>
  </datafield>
  <datafield tag="650" ind1="2" ind2="0">
    <subfield code="a">Jewelry</subfield>
    <subfield code="z">France</subfield>
    <subfield code="v">Histroy</subfield>
    <subfield code="y">21st century</subfield>
    <subfield code="x">Pictorial works</subfield>
  </datafield>
  <datafield tag="655" ind1=" " ind2="7">
    <subfield code="a">Catalogs</subfield>
  </datafield>
  <datafield tag="655" ind1=" " ind2="7">
    <subfield code="a">Pictorial works</subfield>
  </datafield>
  <datafield tag="655" ind1=" " ind2="7">
    <subfield code="a">History</subfield>
  </datafield>
  <datafield tag="700" ind1="1" ind2=" ">
    <subfield code="a">Burns, Robert,</subfield>
    <subfield code="e">translator.</subfield>
  </datafield>
  <datafield tag="942" ind1=" " ind2=" ">
    <subfield code="2">ddc</subfield>
    <subfield code="c">B</subfield>
  </datafield>
  <datafield tag="999" ind1=" " ind2=" ">
    <subfield code="c">194551</subfield>
    <subfield code="d">194551</subfield>
  </datafield>
  <datafield tag="952" ind1=" " ind2=" ">
    <subfield code="0">0</subfield>
    <subfield code="7">1</subfield>
    <subfield code="b">PPAK</subfield>
    <subfield code="c">R</subfield>
    <subfield code="d">2024-01-28</subfield>
    <subfield code="l">0</subfield>
    <subfield code="o">R 739.27092 CHA</subfield>
    <subfield code="p">A01810698</subfield>
    <subfield code="r">2024-01-28 16:34:24</subfield>
    <subfield code="y">B</subfield>
  </datafield>
</record>
